000 00250nam a2200097Ia 4500
001 751376
005 20250826164643.0
008 250824s9999 xx 000 0 und d
245 0 _aOLAĞANÜSTÜ TAŞITLAR
_cASENA MERİÇ
260 _bYEDİVEREN YAYINLARI
999 _c751376
_d751376